000 00479nam a2200181Ia 4500
005 20250326125131.0
008 250326s9999 xx 000 0 und d
037 _aTextbook
040 _aFMSL
_beng
_cFMSL
041 _aeng
_2eng
084 _aX:9.44 L0
_qFMSL
100 _aPant S C
245 0 _aIndian labour problems
_cPant S C
260 _aAllahabad
_bAllahabad, Chaitanya
_c1970
300 _a468p
942 _cTB
_hX:9.44 L0
999 _c1276687
_d1276687